A karsztok ökológiai rendszere szerkezet, működés, környezeti hatások a rendszerben /

Elmentve itt :
Bibliográfiai részletek
Szerző: Keveiné Bárány Ilona
Dokumentumtípus: Könyv
Megjelent: JATEPress Szeged 2009
Sorozat:Földrajzi tanulmányok 4
Kulcsszavak:Karsztjelenségek - ökológiai rendszerek, Geoökológia
Tárgyszavak:
Online Access:http://acta.bibl.u-szeged.hu/45344
LEADER 00850nam a2200217 i 4500
001 acta45344
005 20210825145351.0
008 170109s2009 hu o 0|| hun d
020 |a 978 963 482 935 5 
022 |a 1789-302X 
040 |a SZTE Egyetemi Kiadványok Repozitórium  |b hun 
041 |a hun 
100 2 |a Keveiné Bárány Ilona 
245 1 2 |a A karsztok ökológiai rendszere   |h [elektronikus dokumentum] :  |b szerkezet, működés, környezeti hatások a rendszerben /  |c  Keveiné Bárány Ilona 
260 |a JATEPress  |b Szeged  |c 2009 
300 |a 121 p.  |c 24 cm 
490 0 |a Földrajzi tanulmányok  |v 4 
650 4 |a Természettudományok 
650 4 |a Föld- és kapcsolódó környezettudományok 
695 |a Karsztjelenségek - ökológiai rendszerek, Geoökológia 
856 4 0 |u http://acta.bibl.u-szeged.hu/45344/1/ft_004.pdf  |z Dokumentum-elérés